000 00598cab a2200241 4500
001 ABS60405
008 090401t1999 xxu||||| |||| 00| 0 eng d
035 _a(Sirsi) u93175
041 _aeng
100 _aAtkinson, J.
245 _aLaing snatches pole position from Tarmac
260 _c1999
350 _a0
490 _aContract Journal
_v398(6223) 28 April 1999, 16-17(2)
650 _aCONSTRUCTION MARKET
650 _aCONTRACTORS
650 _aLEAGUE TABLES
650 _aNEW ORDERS
650 _aRANKINGS
690 _aBUILT ENVIRONMENT
942 _n0
948 _c06/05/1999
999 _c59051
_d59051